000 00299nam a22001217a 4500
008 181129b xxu||||| |||| 00| 0 eng d
041 _aeng
080 _a043.3
100 _a0
101 _aBTH-SHKI
245 _aProtokolet e Kontrollit dhe Konfigurimit per Koorporata
_cRama, Sh
942 _2udc
_cBK
999 _c52620
_d52620